000 00511nam a2200193 a 4500
001 3999
003 CO-ViMGA
008 141112s2004 ck r 000 u spa d
040 _aCO-ViMGA
_bspa
_cCO-ViMGA
082 0 4 _a928.61 A715e
100 1 _aEscobar, Eduardo
_954304
245 1 0 _aGonzalo arango
260 _aBogotá :
_bProcultura,
_c1989
300 _a164 p
490 _aColección, clásicos colombianos, 7
650 1 4 _aARANGO, GONZALO
_954305
650 1 4 _aPOESIA COLOMBIANA
_91069
942 _2ddc
_cBK
999 _c16017
_d16017